Dôvodová správa k zákonu, ktorým sa mení a dopĺňa zákon o dlhopisoch

Dôvodová správa k zákonu, ktorým s mení a dopĺňa zákon o dlhopisoch č. 530/1990 Zb. v znení neskorších predpisov.

Saved in:
Bibliographic Details
Format: Book Chapter
Language:Slovak
Subjects:
Tags: Add Tag
No Tags, Be the first to tag this record!

MARC

LEADER 00000naa a2200000 4500
001 r038470
005 20230926082908.7
041 0 |a slo 
044 |a SK 
245 1 0 |a Dôvodová správa k zákonu, ktorým sa mení a dopĺňa zákon o dlhopisoch 
520 |a Dôvodová správa k zákonu, ktorým s mení a dopĺňa zákon o dlhopisoch č. 530/1990 Zb. v znení neskorších predpisov. 
610 2 0 |a dlhopisy 
610 2 0 |a dlhopisy štátne 
610 2 0 |a zákony 
610 2 0 |a správy dôvodové 
610 2 0 |a Slovensko 
610 2 0 |a 2000